Guess the Conan Gray song (1) - Statistics

General Stats
  • This quiz has been taken 24 times
    8 since last reset
  • The average score is 184 of 244
Answer Stats
Answer % Correct
a
100%
and
100%
And
100%
I
100%
just
100%
Just
100%
that
100%
That
100%
the
100%
we
100%
We
100%
we're
100%
you
100%
You
100%
all
86%
are
86%
can
86%
don't
86%
if
86%
I'm
86%
"I'm
86%
me"
86%
my
86%
My
86%
This
86%
to
86%
what
86%
when
86%
your
86%
already
71%
around
71%
body
71%
But
71%
by
71%
By
71%
care
71%
Comfort
71%
company
71%
could
71%
crowd
71%
cry
71%
even
71%
fine
71%
gettin'
71%
here
71%
hid
71%
I've
71%
like
71%
make
71%
mess
71%
need
71%
needed
71%
now
71%
on
71%
Or
71%
play
71%
say
71%
Say
71%
"Someone
71%
someone
71%
song
71%
too
71%
Yeah
71%
about
57%
always
57%
as
57%
belly
57%
come
57%
count
57%
getting
57%
heavy
57%
help
57%
hide
57%
holding's
57%
hurt
57%
Imma
57%
in
57%
keep
57%
laugh
57%
lay
57%
lie
57%
lifetime
57%
lots
57%
loud
57%
mind
57%
nobody"
57%
nothing
57%
over
57%
people
57%
really
57%
said
57%
shirt
57%
shoulders
57%
sigh
57%
Sitting
57%
smile
57%
soggy
57%
sounds
57%
spend
57%
sweaty
57%
talkin'
57%
tears
57%
Telling
57%
there
57%
thinkin'
57%
through
57%
Through
57%
'til
57%
time
57%
try
57%
up
57%
upon
57%
Wellin'
57%
Begging
43%
blood
43%
bound
43%
breath's
43%
downs
43%
knees
43%
pouts
43%
rot
43%
Screamin'
43%
short
43%
they're
43%
unsteady
43%
ups
43%
smiles
29%
No matching quizzes found
Score Distribution
Percent of People with Each Score
Percentile by Number Answered
Your Score History
You have not taken this quiz since the last reset